000 00306 a2200133 4500
001 47992
040 _cAnchieta - Aquarius
100 _aRio, João
240 1 0 _aA alma encantadora das ruas
_lpor
245 1 0 _aA alma encantadora das ruas
300 _a111
650 4 _aLiteratura brasileira
942 _cBK
999 _c47992
_d47992